<?xml version="1.0" encoding="UTF-8"?>
<record
    xmlns:xsi="http://www.w3.org/2001/XMLSchema-instance"
    xsi:schemaLocation="http://www.loc.gov/MARC21/slim http://www.loc.gov/standards/marcxml/schema/MARC21slim.xsd"
    xmlns="http://www.loc.gov/MARC21/slim">

  <leader>00602nam a2200205Ia 4500</leader>
  <controlfield tag="001">49170</controlfield>
  <controlfield tag="003">OSt</controlfield>
  <controlfield tag="005">20150706095337.0</controlfield>
  <controlfield tag="008">140430s9999    xx            000 0 und d</controlfield>
  <datafield tag="020" ind1=" " ind2=" ">
    <subfield code="a">9789693516692</subfield>
  </datafield>
  <datafield tag="040" ind1=" " ind2=" ">
    <subfield code="c">PK-LaUMT</subfield>
  </datafield>
  <datafield tag="082" ind1=" " ind2=" ">
    <subfield code="a"> 891.4393</subfield>
    <subfield code="b">RAZ-N</subfield>
  </datafield>
  <datafield tag="100" ind1=" " ind2=" ">
    <subfield code="a">Razia Butt(&#x631;&#x636;&#x6CC;&#x6C1; &#x628;&#x679;)</subfield>
  </datafield>
  <datafield tag="245" ind1=" " ind2=" ">
    <subfield code="a">Nasoor (Urdu)(&#x646;&#x627;&#x633;&#x648;&#x631;)</subfield>
    <subfield code="c">Razia Butt(&#x631;&#x636;&#x6CC;&#x6C1; &#x628;&#x679;)</subfield>
  </datafield>
  <datafield tag="260" ind1=" " ind2=" ">
    <subfield code="a">Lahore,Pakistan:(&#x644;&#x627;&#x6C1;&#x648;&#x631;&#x60C;&#x67E;&#x627;&#x6A9;&#x633;&#x62A;&#x627;&#x646;)</subfield>
    <subfield code="b">Sang-e-Meel Publications,(&#x633;&#x646;&#x6AF; &#x645;&#x6CC;&#x644; &#x67E;&#x628;&#x644;&#x6CC;&#x6A9;&#x6CC;&#x634;&#x646;&#x632;)</subfield>
    <subfield code="c">2009</subfield>
  </datafield>
  <datafield tag="300" ind1=" " ind2=" ">
    <subfield code="a">552 p.</subfield>
  </datafield>
  <datafield tag="546" ind1=" " ind2=" ">
    <subfield code="a">UR</subfield>
  </datafield>
  <datafield tag="650" ind1=" " ind2=" ">
    <subfield code="a">Urdu literature-Novel</subfield>
  </datafield>
  <datafield tag="942" ind1=" " ind2=" ">
    <subfield code="c">BK</subfield>
    <subfield code="2">ddc</subfield>
  </datafield>
  <datafield tag="999" ind1=" " ind2=" ">
    <subfield code="c">46933</subfield>
    <subfield code="d">46933</subfield>
  </datafield>
  <datafield tag="952" ind1=" " ind2=" ">
    <subfield code="0">0</subfield>
    <subfield code="1">0</subfield>
    <subfield code="4">0</subfield>
    <subfield code="7">0</subfield>
    <subfield code="a">01</subfield>
    <subfield code="b">01</subfield>
    <subfield code="d">2014-04-30</subfield>
    <subfield code="l">16</subfield>
    <subfield code="o"> 891.4393 RAZ-N</subfield>
    <subfield code="p">58632</subfield>
    <subfield code="r">2026-04-17 15:49:33</subfield>
    <subfield code="s">2026-03-31</subfield>
    <subfield code="w">2014-05-06</subfield>
    <subfield code="y">BK</subfield>
  </datafield>
</record>
